|
|
|
|
| LEADER |
00000nam0a2200000 4500 |
| 001 |
45222 |
| 005 |
20231101210934.0 |
| 035 |
|
|
|a (RuTPU)RU\TPU\book\47003
|
| 090 |
|
|
|a 45222
|
| 100 |
|
|
|a 20021206d1980 k y0rusy50 ca
|
| 101 |
1 |
|
|a rus
|c eng
|
| 102 |
|
|
|a RU
|
| 105 |
|
|
|a a z 001zy
|
| 200 |
1 |
|
|a Координация и катализ
|e пер. с англ.
|f Г. Хенрици-Оливэ, С. Оливэ
|
| 210 |
|
|
|a Москва
|c Мир
|d 1980
|
| 215 |
|
|
|a 421 с.
|c ил.
|
| 320 |
|
|
|a Предм. указ.: с. 411-416.
|
| 606 |
1 |
|
|a Комплексные соединения
|2 stltpush
|3 (RuTPU)RU\TPU\subj\15019
|9 41320
|
| 606 |
1 |
|
|a Катализ
|2 stltpush
|3 (RuTPU)RU\TPU\subj\69436
|9 84287
|
| 610 |
1 |
|
|a химия
|
| 610 |
1 |
|
|a координация
|
| 610 |
1 |
|
|a переходные металлы
|
| 610 |
1 |
|
|a теория поля
|
| 610 |
1 |
|
|a алкены
|
| 610 |
1 |
|
|a реакции
|
| 610 |
1 |
|
|a молекулярный кислород
|
| 610 |
1 |
|
|a молекулярный азот
|
| 610 |
1 |
|
|a диены
|
| 610 |
1 |
|
|a библиотека А. Г. Стромберга
|
| 675 |
|
|
|a 546-385
|v 3
|
| 675 |
|
|
|a 544.47
|v 3
|
| 700 |
|
1 |
|a Хенрици-Оливэ
|b Г.
|g Гизела
|
| 701 |
|
1 |
|a Оливэ
|b С.
|g Сальвадор
|
| 801 |
|
1 |
|a RU
|b 63413507
|c 20021206
|g PSBO
|
| 801 |
|
2 |
|a RU
|b 63413507
|c 20171011
|g PSBO
|
| 942 |
|
|
|c BK
|